| 000 | 00510nam a2200169Ia 4500 | ||
|---|---|---|---|
| 003 | LK-CoDNM | ||
| 008 | 010623t2012 xxu||||| |||| 00| 1 sin d | ||
| 040 |
_aLK-CoDNM _dLK-CoDNM _eLK-CoDNM |
||
| 041 | _asin | ||
| 080 | _a294.3 GNA | ||
| 100 | _aGnananda Himi,Kiribathgoda | ||
| 245 | _aගෞතම මුනිඳු මඟෙ හිරු සඳු වන සේක | ||
| 246 | _aGawthama Munidu Mage Hiru Sadu Wana Seka | ||
| 260 |
_bMahamega _aPolgahawela _c2012 |
||
| 300 | _b220, 21 cm | ||
| 942 | _cBK | ||
| 999 |
_c132303 _d132303 |
||